| 000 | 00603nam a2200169 i 4500 | ||
|---|---|---|---|
| 001 | 187359 | ||
| 003 | SpMaBN | ||
| 005 | 20230906222909.0 | ||
| 008 | 170615s1923 sp |||| | spa d | ||
| 100 | 1 |
_aMartín de la Calle, Marcos. _9163060 |
|
| 245 | 1 | 0 |
_aCompendio de historia de España. _nII / _cpor D. Marcos M. de la Calle. |
| 260 |
_aBarcelona : _bImp. Verdaguer, _c1923. |
||
| 300 |
_a1 v. (385 p.) ; _c23 cm. |
||
| 505 | 8 | _aContiene: v. 2 | |
| 651 | 4 |
_aEspaña- _xHistoria. _98209 |
|
| 852 |
_aES-MaACL _jL-31715 _z- Enc. cart. _z. - Donat. herederos de la bibl. de Mª del Pilar Costa Palacín |
||
| 999 |
_c187359 _d187359 |
||